LEADER 03471nam 2200589 450 001 9910792843203321 005 20230809223733.0 010 $a1-62349-480-X 035 $a(CKB)3710000001157622 035 $a(OCoLC)983528064 035 $a(MdBmJHUP)muse56039 035 $a(MiAaPQ)EBC5581940 035 $a(EXLCZ)993710000001157622 100 $a20181213d2017 uy 0 101 0 $aeng 135 $aur|||||||nn|n 181 $ctxt$2rdacontent 182 $cc$2rdamedia 183 $acr$2rdacarrier 200 04$aThe people of Palomas $eNeandertals from the Sima de las Palomas del Cabezo Gordo, southeastern Spain /$fedited by Erik Trinkaus and Michael J. Walker 205 $aFirst edition. 210 1$aCollege Station, Texas :$cTexas A&M University Press,$d[2017] 210 4$dİ2017 215 $a1 online resource (pages cm.) 225 1 $aTexas A&M University anthropology series ;$vNumber nineteen 311 $a1-62349-479-6 320 $aIncludes bibliographical references and index. 327 $aIntroduction: The Neandertals from the Sima de las Palomas / Erik Trinkaus and Michael J. Walker -- The context of the Sima de las Palomas Neandertals / Michael J. Walker, Mariano V. Lo?pez, Maria Haber, and Erik Trinkaus -- The Palomas Neandertal sample / Erik Trinkaus -- The Palomas cranial remains / Erik Trinkaus -- The Palomas mandibles / Erik Trinkaus, Josefina Zapata, Priscilla Bayle, Katharine A. Robson Brown, Miguel Alcaraz, A. Vincent Lombardi, and Michael J. Walker -- The Palomas dental remains: preservation, wear, and morphology / Josefina Zapata, Priscilla Bayle, A. Vincent Lombardi, Alejandro Pe?rez-Pe?rez, and Erik Trinkaus -- The Palomas dental remains: size and proportions / Beatriz Pinilla and Erik Trinkaus -- The Palomas dental remains: shape morphometrics / Beatriz Pinilla -- The Palomas dental remains: enamel thickness and tissue proportions / Priscilla Bayle, Mona le Luyer, and Katharine A. Robson Brown -- The Palomas dental remains: postcanine wear / Beatriz Pinilla, Alejandro Romero, and Alejandro Pe?rez-Pe?rez -- The Palomas dental remains: nonmasticatory wear / John C. Willman -- The Palomas oral paleopathology and stress indicators / Sarah A. Lacy, Josefina Zapata, A. Vincent Lombardi, John C. Willman, and Erik Trinkaus -- The Palomas postcrania / Erik Trinkaus, Katharine A. Robson Brown, Jon Ortega, and Kla?ra Karakova? -- The Palomas body size and proportions / Erik Trinkaus -- The Palomas mortality patterns / Erik Trinkaus -- The people of Palomas / Erik Trinkaus -- References -- Contributors. 410 0$aTexas A & M University anthropology series ;$vNumber 19. 606 $aNeanderthals$zSpain$zMurcia (Region) 606 $aPrehistoric peoples$zSpain$zMurcia (Region) 606 $aAntiquities, Prehistoric$zSpain$zMurcia (Region) 606 $aHuman growth 606 $aTeeth$xGrowth 606 $aDental anthropology 607 $aMurcia (Spain : Region)$xAntiquities 615 0$aNeanderthals 615 0$aPrehistoric peoples 615 0$aAntiquities, Prehistoric 615 0$aHuman growth. 615 0$aTeeth$xGrowth. 615 0$aDental anthropology. 676 $a569.9/86094677 702 $aWalker$b Michael J. 702 $aTrinkaus$b Erik 801 0$bMiAaPQ 801 1$bMiAaPQ 801 2$bMiAaPQ 906 $aBOOK 912 $a9910792843203321 996 $aThe people of Palomas$93837855 997 $aUNINA